000 01103nam0a22002411 4500
001 rc\3262522
005 20260407130949.0
021 _aRU
_bРг3371-75
035 _a(NLR Aleph) 007387648
090 _a6576364
_c6576364
100 _a20130115d1974 |||y0rusy50 ca
101 0 _arus
102 _aRU
105 _aa c |||||
200 1 _aУказания на строительство подземных сетей закрытым способом
_eВСН-89-74
_e[Срок введ. 1 дек. 1974 г.]
_fГл. упр. по жил. и гражд. стр-ву в г. Москве. Главмосстрой при Мосгорисполкоме. Техн. упр.
210 _aМосква
_cМосоргстрой
_d1974
215 _a36 с.
_cил.
_d22
712 0 2 _aМосковское главное управление по жилищному и гражданскому строительству
_bТехническое управление
_3RU\NLR\AUTH\889980105
_9456499
801 0 _aRU
_bNLR
_gpsbo
801 1 _aRU
_bELAR
_2rusmarc
852 _aNLR
_bСВТЛ
942 _cBOOK
980 _aNB